[Event "2025 Washington State Championship - Championship"]
[Site "Lakeside Upper School, 14050 1st Avenue NE, Seattle, WA, USA"]
[Date "2025.02.15"]
[Round "6"]
[Board "1"]
[White "He, Daniel"]
[Black "Vemparala, Nikash"]
[Result "0-1"]
[WhiteElo "2193"]
[BlackElo "2215"]
[PlyCount "52"]
[EventDate "2025.02.08"]
[EventRounds "9"]
[EventCountry "USA"]

1. e4 e5 2. Nf3 Nc6 3. Bb5 Bc5 4. c3 Nf6 5. d4 exd4 6. e5 Nd5 7. O-O Be7 8. a4 a6
9. Bc4 Nb6 10. Bb3 d5 11. exd6 Qxd6 12. a5 Nd7 13. cxd4 O-O 14. Nc3 Nf6 15. d5 Ne5
16. Nxe5 Qxe5 17. Re1 Qd6 18. Ra4 Bf5 19. Rc4 Qd8 20. Qf3 Bg6 21. h4 h6 22. Qh3 Bd6
23. Ba4 Rb8 24. g4 Qc8 25. Qg2 h5 26. gxh5 Bxh5 27. Bf4 Qf5 28. Bxd6 cxd6 29. Qg5
Qd3 30. Rf4 Qd2 31. Re3 Bg6 32. Rxf6 gxf6 33. Qh6 Qd4 34. Rg3 Rfe8 35. Bc2 f5 36.
Bxf5 Qg7 37. Qxg7+ Kxg7 38. h5 Kf6 39. Bxg6 fxg6 40. Rxg6+ Ke5 41. Kf1 b6 42. h6
Re7 43. h7 Rxh7 44. Re6+ Kd4 45. Rxd6 bxa5 46. Nd1 Kd3 47. Rg6 Rh1+ 48. Rg1 Rxg1+
49. Kxg1 Kc2 50. Ne3+ Kxb2 51. Nc4+ Kc3 52. Nxa5 Rb5  0-1

[Event "2025 Washington State Championship - Championship"]
[Site "Lakeside Upper School, 14050 1st Avenue NE, Seattle, WA, USA"]
[Date "2025.02.15"]
[Round "6"]
[Board "2"]
[White "Whale, Nicholas"]
[Black "Sang, Tian"]
[Result "0-1"]
[WhiteElo "1955"]
[BlackElo "2200"]
[PlyCount "59"]
[EventDate "2025.02.08"]
[EventRounds "9"]
[EventCountry "USA"]

1. e4 e5 2. Bc4 Nf6 3. Nc3 Nc6 4. d3 Na5 5. Bb3 Nxb3 6. axb3 d6 7. Nge2 Be7 8. h3
O-O 9. O-O c6 10. f4 b5 11. Qe1 Kh8 12. fxe5 dxe5 13. Be3 Qc7 14. Qf2 Be6 15. Ng3
g6 16. Kh1 Nd7 17. d4 b4 18. Nce2 f6 19. Rad1 a5 20. Bh6 Rfe8 21. dxe5 fxe5 22. Ng1
Bf8 23. Qe3 Qd8 24. Nf3 Qe7 25. Bg5 Qc5 26. Qxc5 Bxc5 27. Nxe5 Nxe5 28. Bf6+ Kg8
29. Bxe5 Bxb3 30. cxb3 Rxe5 31. Rd7 Rf8 32. Rxf8+ Bxf8 33. Rd2 Kf7 34. Kg1 h5 35.
Re2 Ke6 36. Kf2 Rc5 37. Nf1 Bh6 38. Ne3 Rc1 39. Kf3 Bxe3 40. Kxe3 Ke5 41. h4 c5 42.
Kd3 Rh1 43. Kc4 Rxh4 44. Kxc5 Rxe4 45. Rf2 Rf4 46. Re2+ Kf6 47. Kb5 Rf5+ 48. Ka4
Kg5 49. Re3 Rf2 50. Rg3+ Kf5 51. Kxa5 g5 52. Kxb4 h4 53. Rd3 Rxg2 54. Ka3 Re2 55.
b4 Re8 56. b5 g4 57. Kb4 h3 58. b6 h2 59. Rd1 g3  0-1

[Event "2025 Washington State Championship - Championship"]
[Site "Lakeside Upper School, 14050 1st Avenue NE, Seattle, WA, USA"]
[Date "2025.02.15"]
[Round "6"]
[Board "3"]
[White "Liu, Austin"]
[Black "Degenbaev, Aziz"]
[Result "1-0"]
[WhiteElo "2139"]
[BlackElo "2284"]
[PlyCount "40"]
[EventDate "2025.02.08"]
[EventRounds "9"]
[EventCountry "USA"]

1. e4 c5 2. Nf3 d6 3. d4 cxd4 4. Nxd4 Nf6 5. Nc3 a6 6. h3 e5 7. Nde2 h5 8. g3 Be7
9. Bg2 b5 10. Nd5 Nxd5 11. Qxd5 Ra7 12. Be3 Rb7 13. g4 h4 14. Qd2 Nd7 15. Nc3 Nb6
16. b3 O-O 17. O-O Be6 18. a4 b4 19. Nd5 Nxd5 20. exd5 Bc8 21. a5 f5 22. gxf5 Bxf5
23. Kh2 Qd7 24. Ra4 Rc8 25. Rc1 Rbc7 26. Rxb4 Rxc2 27. Rxc2 Bxc2 28. Rb6 Qf5 29.
Rxa6 Be4 30. Bxe4 Qxe4 31. Qd1 Bf6 32. Qg4 Qc2 33. Rc6 Rxc6 34. dxc6 e4 35. Qc8+
Kf7 36. Qd7+ Kg6 37. Qg4+ Kf7 38. Qd7+ Kg6 39. c7 Qd1 40. Qg4+ 1-0

[Event "2025 Washington State Championship - Championship"]
[Site "Lakeside Upper School, 14050 1st Avenue NE, Seattle, WA, USA"]
[Date "2025.02.15"]
[Round "6"]
[Board "4"]
[White "Willy, Stephen"]
[Black "Porter, Ryan W"]
[Result "1/2-1/2"]
[WhiteElo "2193"]
[BlackElo "2177"]
[PlyCount "24"]
[EventDate "2025.02.08"]
[EventRounds "9"]
[EventCountry "USA"]

1. e4 c6 2. d4 d5 3. e5 Bf5 4. Nc3 e6 5. g4 Bg6 6. Nge2 c5 7. h4 h5 8. Nf4 Bh7 9.
Nxh5 Nc6 10. dxc5 Bxc5 11. Bg5 Qb6 12. Qd2 Qxb2 13. Rb1 Qxc2 14. Qxc2 Bxc2 15. Rxb7
Nxe5 16. Rh3 Kf8 17. Kd2 Be4 18. Be2 Be7 19. Nxe4 dxe4 20. Rc3 Bxg5+ 21. hxg5 Ne7
22. Ng3 Nd5 23. Rcb3 Rh3 24. Nxe4 1/2-1/2

[Event "2025 Washington State Championship - Championship"]
[Site "Lakeside Upper School, 14050 1st Avenue NE, Seattle, WA, USA"]
[Date "2025.02.15"]
[Round "6"]
[Board "5"]
[White "Wang, Ted"]
[Black "Lee, Megan"]
[Result "0-1"]
[WhiteElo "2234"]
[BlackElo "2287"]
[PlyCount "0"]
[EventDate "2025.02.08"]
[EventRounds "9"]
[EventCountry "USA"]

1. e4 e5 2. Nf3 Nc6 3. Bc4 Nf6 4. d3 Be7 5. O-O O-O 6. Nc3 d6 7. a4 Bg4 8. h3 Bh5
9. Be3 Qd7 10. Kh2 Nd4 11. Bxd4 exd4 12. Nd5 Nxd5 13. Bxd5 c6 14. Bb3 c5 15. Ne5
dxe5 16. Qxh5 g6 17. Qe2 Kh8 18. g3 Bd6 19. Kg2 f5 20. f3 f4 21. g4 Be7 22. c3 Rad8
23. Bd5 a5 24. Qe1 Qc7 25. Rc1 Rb8 26. b4 dxc3 27. Qxc3 axb4 28. Qxb4 Qd8 29. Qb2
Bd6 30. Rc4 Kg7 31. Rfc1 b6 32. Qf2 Be7 33. Rb1 Rh8 34. Qb2 Bd6 35. Qb5 Qh4 36. Qd7+
Be7 37. Qe6 Qg3+ 38. Kf1 Qxf3+ 39. Ke1 Bh4+ 40. Kd2 Qe3+ 41. Kc2 Rhe8 42. Qd7+ Re7
43. Qd6 Rf8 44. Be6 f3 45. Kb3 f2 46. Rcc1 Rxe6 47. Qxe6 Qxd3+ 48. Ka2 f1=Q 49. Rxf1
Rxf1 50. Rxf1 Qxf1 51. Qxe5+ Kh6 52. Qd5 Qe2+ 53. Kb3 Bf6 54. g5+ Bxg5 55. e5 Bc1
56. e6 Qb2+ 0-1

[Event "2025 Washington State Championship - Championship"]
[Site "Lakeside Upper School, 14050 1st Avenue NE, Seattle, WA, USA"]
[Date "2025.02.16"]
[Round "7"]
[Board "1"]
[White "Lee, Megan"]
[Black "He, Daniel"]
[Result "0-1"]
[WhiteElo "2287"]
[BlackElo "2193"]
[PlyCount "0"]
[EventDate "2025.02.08"]
[EventRounds "9"]
[EventCountry "USA"]

1. e4 c5 2. c3 d5 3. exd5 Qxd5 4. Na3 a6 5. Nf3 Nf6 6. Bc4 Qd8 7. d4 cxd4 8. Nc2
b5 9. Bb3 e6 10. Ncxd4 Bd6 11. Bg5 O-O 12. Bxf6 gxf6 13. g4 Kh8 14. Bc2 Rg8 15. Qd3
Rg7 16. Rd1 Bb7 17. Ne2 Nd7 18. Rg1 Bd5 19. b4 Nb6 20. Ng3 Nc4 21. Qe2 Rxg4 22. Rxd5
exd5 23. Qd3 Qg8 24. Qxd5 Be5 25. Nxe5 Nxe5 26. Bf5 Rd8 27. Qb7 Rf4 28. Be4 Rd7 29.
Ne2 Qd8 30. Qxd7 Nxd7 31. Nxf4 Qe8 32. f3 f5 33. Kf2 fxe4 34. Re1 f5 0-1

[Event "2025 Washington State Championship - Championship"]
[Site "Lakeside Upper School, 14050 1st Avenue NE, Seattle, WA, USA"]
[Date "2025.02.16"]
[Round "7"]
[Board "2"]
[White "Porter, Ryan W"]
[Black "Wang, Ted"]
[Result "1/2-1/2"]
[WhiteElo "2177"]
[BlackElo "2234"]
[PlyCount "70"]
[EventDate "2025.02.08"]
[EventRounds "9"]
[EventCountry "USA"]

1. c4 Nf6 2. Nf3 g6 3. d4 Bg7 4. g3 O-O 5. Bg2 d6 6. Nc3 c5 7. O-O Nc6 8. dxc5 dxc5
9. Bf4 Nh5 10. Be3 Nd4 11. Rc1 Rb8 12. Qd2 Bg4 13. Rfd1 Bxf3 14. Bxf3 Nxf3+ 15. exf3
Qc8 16. b3 b6 17. Qd7 Qb7 18. Ne4 Nf6 19. Nxf6+ Bxf6 20. Bf4 Bd4 21. Qxb7 Rxb7 22.
Be3 Rd8 23. Bxd4 Rbd7 24. Re1 cxd4 25. c5 d3 26. c6 Rc7 27. Red1 Rd6 28. Rc3 Rcxc6
29. Rxc6 Rxc6 30. Rxd3 Rc2 31. a4 e6 32. Rd7 Rc3 33. Rxa7 Rxb3 34. f4 Ra3 35. Ra6
Kg7  1/2-1/2

[Event "2025 Washington State Championship - Championship"]
[Site "Lakeside Upper School, 14050 1st Avenue NE, Seattle, WA, USA"]
[Date "2025.02.16"]
[Round "7"]
[Board "3"]
[White "Degenbaev, Aziz"]
[Black "Willy, Stephen"]
[Result "1-0"]
[WhiteElo "2284"]
[BlackElo "2193"]
[PlyCount "39"]
[EventDate "2025.02.08"]
[EventRounds "9"]
[EventCountry "USA"]

1. e4 e5 2. Nf3 Nc6 3. Bb5 a6 4. Ba4 g6 5. d4 b5 6. Bb3 exd4 7. Bg5 Be7 8. Bxe7 Ngxe7
9. O-O O-O 10. Qd2 d5 11. Qh6 f6 12. exd5 Nxd5 13. Re1 Nce7 14. Rxe7 Qxe7 15. Bxd5+
Be6 16. Bxa8 Rxa8 17. Nbd2 c5 18. Re1 Qf7 19. Qf4 Rd8 20. Ne4  1-0

[Event "2025 Washington State Championship - Championship"]
[Site "Lakeside Upper School, 14050 1st Avenue NE, Seattle, WA, USA"]
[Date "2025.02.16"]
[Round "7"]
[Board "4"]
[White "Sang, Tian"]
[Black "Liu, Austin"]
[Result "1/2-1/2"]
[WhiteElo "2200"]
[BlackElo "2139"]
[PlyCount "129"]
[EventDate "2025.02.08"]
[EventRounds "9"]
[EventCountry "USA"]

1. e4 c5 2. Nf3 g6 3. c3 d5 4. exd5 Qxd5 5. d4 Bg7 6. Be2 cxd4 7. cxd4 Nf6 8. Nc3
Qd6 9. O-O O-O 10. Be3 Na6 11. Rc1 Nc7 12. Qd2 Ncd5 13. Bg5 Nxc3 14. bxc3 Ne4 15.
Qe3 Nxg5 16. Qxg5 Be6 17. c4 h6 18. Qe3 Rfd8 19. Rfd1 Bg4 20. c5 Qe6 21. h3 Bf5 22.
Bd3 Rd7 23. Bxf5 Qxf5 24. Rd2 Rad8 25. Rcd1 Qd5 26. Qa3 a6 27. Qb3 Qxb3 28. axb3
Rd5 29. Kf1 e6 30. Ke2 Kf8 31. b4 Ke7 32. Kd3 h5 33. Re2 Kd7 34. Kc3 Kc6 35. Kc4
e5 36. Rde1 exd4 37. Kd3 Bf6 38. Nd2 a5 39. Ne4 Be7 40. b5+ Kxb5 41. Rb1+ Ka6 42.
Rb6+ Ka7 43. Reb2 R8d7 44. R6b5 f5 45. Rxa5+ Kb8 46. Nd2 Rxc5 47. Rxc5 Bxc5 48. Rb5
Ba7 49. Re5 Rc7 50. Nc4 Rc6 51. Re8+ Rc8 52. Re6 b5 53. Ne5 Rc3+ 54. Kd2 Bc5 55.
Nd3 Kc7 56. Rxg6 b4 57. Rf6 b3 58. Rxf5 Ba3 59. Rb5 Rc2+ 60. Kd1 Rc3 61. Kd2 Kc6
62. Rb8 Kd5 63. g4 hxg4 64. hxg4 Rc2+ 65. Kd1  1/2-1/2

[Event "2025 Washington State Championship - Championship"]
[Site "Lakeside Upper School, 14050 1st Avenue NE, Seattle, WA, USA"]
[Date "2025.02.16"]
[Round "7"]
[Board "5"]
[White "Vemparala, Nikash"]
[Black "Whale, Nicholas"]
[Result "1/2-1/2"]
[WhiteElo "2215"]
[BlackElo "1955"]
[PlyCount "85"]
[EventDate "2025.02.08"]
[EventRounds "9"]
[EventCountry "USA"]

1. c4 e6 2. Nc3 d5 3. cxd5 exd5 4. d4 Nf6 5. g3 c6 6. Bg2 Bd6 7. Nf3 O-O 8. O-O Re8
9. Bf4 Bxf4 10. gxf4 Bf5 11. Ne5 Ne4 12. Qb3 Nxc3 13. bxc3 Qb6 14. e3 Qxb3 15. axb3
f6 16. Nf3 Be4 17. Nd2 Bxg2 18. Kxg2 Nd7 19. c4 Nb6 20. Rfe1 a6 21. e4 Rad8 22. Rad1
dxc4 23. Nxc4 Nxc4 24. bxc4 b5 25. c5 Kf7 26. Kf1 Ke6 27. f5+ Kd7 28. f4 g6 29. e5
gxf5 30. exf6 Re4 31. Rxe4 fxe4 32. Ke2 Ke6 33. Ke3 Kxf6 34. Kxe4 Re8+ 35. Kf3 Rd8
36. Ke4 Re8+ 37. Kf3 Rd8 38. Ra1 Rxd4 39. Rxa6 Kf5 40. Rxc6 Rxf4+ 41. Ke3 Rc4 42.
Rh6 Kg5 43. Rc6  1/2-1/2

[Event "2025 Washington State Championship - Championship"]
[Site "Lakeside Upper School, 14050 1st Avenue NE, Seattle, WA, USA"]
[Date "2025.02.16"]
[Round "8"]
[Board "1"]
[White "He, Daniel"]
[Black "Whale, Nicholas"]
[Result "1-0"]
[WhiteElo "2193"]
[BlackElo "1955"]
[PlyCount "44"]
[EventDate "2025.02.08"]
[EventRounds "9"]
[EventCountry "USA"]

1. e4 e5 2. Nf3 Nc6 3. Bb5 a6 4. Ba4 Nf6 5. O-O Nxe4 6. d4 Be7 7. Re1 b5 8. Rxe4
d5 9. Nxe5 Nxe5 10. Bxb5+ axb5 11. Rxe5 O-O 12. Bf4 c6 13. Re1 Bf5 14. Nd2 g5 15.
Bg3 Bg6 16. a3 Qd7 17. Nb3 h5 18. h3 f5 19. f4 h4 20. Bf2 g4 21. Qe2 Kf7 22. Nc1
g3 23. Be3 Bd6 24. Nd3 Kg7 25. Rf1 Qe8 26. Ne5 Bh5 27. Qe1 Ra6 28. Bd2 Qe7 29. Kh1
Rc8 30. Qe3 Kf6 31. Rae1 Re8 32. Qd3 Qc7 33. Bb4 Bxb4 34. axb4 Re6 35. Re3 Qa7 36.
Rfe1 Ra1 37. Ng4+ Kg7 38. Rxe6 fxg4 39. hxg4 Rxe1+ 40. Rxe1 Bxg4 41. Qe3 Bf5 42.
Qe5+ Kg6 43. Qd6+ Kh5 44. Qf6 1-0

[Event "2025 Washington State Championship - Championship"]
[Site "Lakeside Upper School, 14050 1st Avenue NE, Seattle, WA, USA"]
[Date "2025.02.16"]
[Round "8"]
[Board "2"]
[White "Liu, Austin"]
[Black "Vemparala, Nikash"]
[Result "1/2-1/2"]
[WhiteElo "2139"]
[BlackElo "2215"]
[PlyCount "111"]
[EventDate "2025.02.08"]
[EventRounds "9"]
[EventCountry "USA"]

1. e4 e5 2. Nf3 Nc6 3. Bb5 Bc5 4. O-O d6 5. d4 exd4 6. b4 Bb6 7. a4 a6 8. Bxc6+ bxc6
9. Nxd4 Ne7 10. a5 Ba7 11. Bg5 f6 12. Be3 Bxd4 13. Qxd4 O-O 14. Nc3 Be6 15. Rad1
Rb8 16. Rfe1 Qe8 17. f4 f5 18. Bf2 Qg6 19. Bh4 Rbe8 20. Bxe7 Rxe7 21. e5 Rd7 22.
exd6 Rxd6 23. Qe5 Rfd8 24. Rxd6 Rxd6 25. Rd1 Bf7 26. Qe7 Rxd1+ 27. Nxd1 Qd6 28. Qxd6
cxd6 29. Ne3 g6 30. c4 Kf8 31. b5 cxb5 32. cxb5 axb5 33. a6 Be8 34. Nc2 Bc6 35. Nd4
Ba8 36. Nxb5 Ke7 37. Nc7 Bc6 38. a7 Kd7 39. Na6 Kc8 40. Nb4 Be4 41. Nc2 Kb7 42. Nd4
Kxa7 43. Nb5+ Kb6 44. Nxd6 Bd5 45. Ne8 h5 46. Nf6 Kc6 47. Kf2 Kd6 48. Kg3 Bc6 49.
Kh4 Ke6 50. Kg5 Kf7 51. g3 Kg7 52. h3 Kf7 53. Nxh5 gxh5 54. Kxh5 Kf6 55. g4 Bf3 56.
Kh4  1/2-1/2

[Event "2025 Washington State Championship - Championship"]
[Site "Lakeside Upper School, 14050 1st Avenue NE, Seattle, WA, USA"]
[Date "2025.02.16"]
[Round "8"]
[Board "3"]
[White "Willy, Stephen"]
[Black "Sang, Tian"]
[Result "1-0"]
[WhiteElo "2193"]
[BlackElo "2200"]
[PlyCount "105"]
[EventDate "2025.02.08"]
[EventRounds "9"]
[EventCountry "USA"]

1. e4 e5 2. Nf3 Nc6 3. Bc4 Bc5 4. c3 Nf6 5. d4 exd4 6. b4 Bb6 7. e5 d5 8. exf6 dxc4
9. Qe2+ Be6 10. b5 Na5 11. fxg7 Rg8 12. cxd4 Rxg7 13. Nc3 c6 14. Ne4 Qe7 15. Bg5
Qb4+ 16. Bd2 Qe7 17. bxc6 bxc6 18. O-O O-O-O 19. Bg5 Qc7 20. Bxd8 Qxd8 21. Rad1 Qd5
22. Kh1 Nb7 23. Nc3 Qh5 24. Qe4 Bd7 25. d5 f5 26. Qe5 Qg4 27. Qg3 Bc7 28. Qxg4 fxg4
29. dxc6 gxf3 30. cxd7+ Rxd7 31. Rxd7 fxg2+ 32. Kxg2 Kxd7 33. Nb5 Be5 34. Rc1 Na5
35. Nxa7 Kd6 36. Kf3 Kc5 37. Ke4 Bb2 38. Rc2 c3 39. f4 Nc4 40. f5 Nd2+ 41. Kd3 Nf3
42. Re2 Nd4 43. Rf2 c2 44. Rxc2+ Nxc2 45. Kxc2 Be5 46. h3 Kd5 47. Kd3 Bc7 48. Nb5
Bb6 49. Nc3+ Ke5 50. f6 Bc5 51. a4 Bb4 52. Kc4 Bf8 53. Nd5  1-0

[Event "2025 Washington State Championship - Championship"]
[Site "Lakeside Upper School, 14050 1st Avenue NE, Seattle, WA, USA"]
[Date "2025.02.16"]
[Round "8"]
[Board "4"]
[White "Wang, Ted"]
[Black "Degenbaev, Aziz"]
[Result "0-1"]
[WhiteElo "2234"]
[BlackElo "2284"]
[PlyCount "102"]
[EventDate "2025.02.08"]
[EventRounds "9"]
[EventCountry "USA"]

1. e4 e5 2. Nf3 Nc6 3. Bc4 Bc5 4. c3 Nf6 5. d3 O-O 6. O-O d5 7. exd5 Nxd5 8. Re1
Bg4 9. Nbd2 Nb6 10. h3 Bh5 11. Bb3 Qxd3 12. Nxe5 Qf5 13. Nef3 Rae8 14. g4 Bxg4 15.
hxg4 Qxg4+ 16. Kh1 Bxf2 17. Nh2 Rxe1+ 18. Qxe1 Qg3 19. Qf1 Re8 20. Ndf3 Ne5 21. Qg2
Nd3 22. Ng4 Qxg2+ 23. Kxg2 Bc5 24. Kf1 h5 25. Ngh2 Bd6 26. Bc2 Nxc1 27. Rxc1 g5 28.
Nxg5 Bxh2 29. Ne4 Kg7 30. Kf2 f5 31. Rh1 fxe4 32. Rxh2 e3+ 33. Kf3 Kf6 34. Be4 Nc4
35. Bxb7 Ne5+ 36. Kf4 e2 37. Rxe2 Nd3+ 38. Kf3 Rxe2 39. Kxe2 Nxb2 40. Kd2 Ke5 41.
Bc8 Kd5 42. Kc2 Nc4 43. Kb3 Kc5 44. Be6 Nd2+ 45. Ka4 Ne4 46. c4 Nd2 47. Ka5 Nxc4+
48. Ka6 Na3 49. Bf5 Kd4 50. Kxa7 c5 51. Kb6 c4  0-1

[Event "2025 Washington State Championship - Championship"]
[Site "Lakeside Upper School, 14050 1st Avenue NE, Seattle, WA, USA"]
[Date "2025.02.16"]
[Round "8"]
[Board "5"]
[White "Lee, Megan"]
[Black "Porter, Ryan W"]
[Result "1/2-1/2"]
[WhiteElo "2287"]
[BlackElo "2177"]
[PlyCount "44"]
[EventDate "2025.02.08"]
[EventRounds "9"]
[EventCountry "USA"]

1. e4 c6 2. d4 d5 3. Nc3 dxe4 4. Nxe4 Bf5 5. Ng3 Bg6 6. h4 h6 7. h5 Bh7 8. Nf3 Nd7
9. Bd3 Bxd3 10. Qxd3 e6 11. Bf4 Qa5+ 12. c3 Ngf6 13. a4 Nd5 14. Bd2 Qc7 15. O-O Bd6
16. Ne4 N5f6 17. Qe2 Nxe4 18. Qxe4 Nf6 19. Qh4 Qa5 20. Bf4 Bxf4 21. Qxf4 Nxh5 22.
Qg4 O-O  1/2-1/2

[Event "2025 Washington State Championship - Championship"]
[Site "Lakeside Upper School, 14050 1st Avenue NE, Seattle, WA, USA"]
[Date "2025.02.17"]
[Round "9"]
[Board "1"]
[White "Porter, Ryan W"]
[Black "He, Daniel"]
[Result "1/2-1/2"]
[WhiteElo "2177"]
[BlackElo "2193"]
[PlyCount "40"]
[EventDate "2025.02.08"]
[EventRounds "9"]
[EventCountry "USA"]

1. c4 c5 2. Nf3 Nc6 3. e3 e5 4. Nc3 Nf6 5. d4 e4 6. d5 exf3 7. dxc6 bxc6 8. e4 Qc7
9. gxf3 Bd6 10. Be3 O-O 11. Qd2 Be5 12. O-O-O d5 13. cxd5 cxd5 14. exd5 Rd8 15. Rg1
Bf5 16. f4 Bd4 17. Bd3 Bxd3 18. Qxd3 Nxd5 19. Bxd4 cxd4 20. Qxd4 Qxf4+  1/2-1/2

[Event "2025 Washington State Championship - Championship"]
[Site "Lakeside Upper School, 14050 1st Avenue NE, Seattle, WA, USA"]
[Date "2025.02.17"]
[Round "9"]
[Board "2"]
[White "Degenbaev, Aziz"]
[Black "Lee, Megan"]
[Result "1-0"]
[WhiteElo "2284"]
[BlackElo "2287"]
[PlyCount "85"]
[EventDate "2025.02.08"]
[EventRounds "9"]
[EventCountry "USA"]

1. e4 e5 2. Nf3 Nc6 3. Bb5 a6 4. Ba4 Nf6 5. O-O Be7 6. d3 b5 7. Bb3 d6 8. a4 Bd7
9. c3 O-O 10. Bc2 h6 11. Re1 Re8 12. Nbd2 Bf8 13. h3 Be6 14. d4 exd4 15. cxd4 Nb4
16. Bb1 d5 17. e5 Nd7 18. Nh2 Qh4 19. f4 f5 20. Ndf3 Qh5 21. Kh1 bxa4 22. g4 fxg4
23. Ng1 Qh4 24. f5 Bf7 25. hxg4 Nf6 26. Ngf3 Nxg4 27. Nxh4 Nf2+ 28. Kg2 Nxd1 29.
Rxd1 Bh5 30. Re1 c5 31. dxc5 Bxc5 32. Rxa4 Rab8 33. Ng6 Bxg6 34. fxg6 Rb6 35. Nf3
d4 36. Be4 Kf8 37. Nd2 Rc8 38. Nc4 Rb5 39. Nd6 Bxd6 40. exd6 Rd8 41. Bd2 Nd5 42.
Bxd5 Rxd5 43. Rxa6  1-0

[Event "2025 Washington State Championship - Championship"]
[Site "Lakeside Upper School, 14050 1st Avenue NE, Seattle, WA, USA"]
[Date "2025.02.17"]
[Round "9"]
[Board "3"]
[White "Sang, Tian"]
[Black "Wang, Ted"]
[Result "1/2-1/2"]
[WhiteElo "2200"]
[BlackElo "2234"]
[PlyCount "130"]
[EventDate "2025.02.08"]
[EventRounds "9"]
[EventCountry "USA"]

1. e4 c5 2. Nf3 Nc6 3. c3 Nf6 4. e5 Nd5 5. d4 cxd4 6. Bc4 Nb6 7. Bb3 d5 8. exd6 Qxd6
9. O-O Be6 10. Na3 Bxb3 11. Qxb3 e6 12. Rd1 Be7 13. Nb5 Qb8 14. Nbxd4 Nxd4 15. Rxd4
O-O 16. Bf4 Qc8 17. Rad1 Bc5 18. R4d3 Nd5 19. Bg3 b5 20. Qxb5 a6 21. Qa4 Qb7 22.
b3 a5 23. Qe4 Qb6 24. Qe2 Rad8 25. Ne5 h6 26. h3 Be7 27. c4 Nf6 28. Rxd8 Rxd8 29.
Rxd8+ Bxd8 30. Qd3 Bc7 31. Qf3 Qd4 32. Ng4 Qa1+ 33. Kh2 Bxg3+ 34. Kxg3 Nxg4 35. hxg4
Qxa2 36. Qc3 a4 37. bxa4 Qxa4 38. c5 Qc6 39. Qd4 Qc7+ 40. Kh3 Kf8 41. f4 g6 42. g3
Ke7 43. Qe3 Qb7 44. Kh2 Qb2+ 45. Kg1 Qb1+ 46. Kf2 Qc2+ 47. Ke1 Qb1+ 48. Kf2 Qa2+
49. Kg1 Qd5 50. Qa3 Qd1+ 51. Kf2 Qc2+ 52. Kf3 Qd1+ 53. Kf2 Qd4+ 54. Kg2 Kf6 55. Qc1
Qd5+ 56. Kh2 Qc6 57. Qc3+ Ke7 58. Qe3 Kd7 59. Qd4+ Ke7 60. Qe3 Qd5 61. Qa3 Qc6 62.
Qa7+ Ke8 63. Qb8+ Ke7 64. Qa7+ Ke8 65. Qb8+ Ke7  1/2-1/2

[Event "2025 Washington State Championship - Championship"]
[Site "Lakeside Upper School, 14050 1st Avenue NE, Seattle, WA, USA"]
[Date "2025.02.17"]
[Round "9"]
[Board "4"]
[White "Vemparala, Nikash"]
[Black "Willy, Stephen"]
[Result "1/2-1/2"]
[WhiteElo "2215"]
[BlackElo "2193"]
[PlyCount "40"]
[EventDate "2025.02.08"]
[EventRounds "9"]
[EventCountry "USA"]

1. e4 c5 2. Nf3 a6 3. c4 e6 4. Nc3 Nc6 5. Be2 Qc7 6. O-O Nf6 7. Re1 Bd6 8. h3 b6
9. d4 cxd4 10. Nxd4 Nxd4 11. Qxd4 Bc5 12. Qd3 Bb7 13. Be3 O-O 14. Bxc5 bxc5 15. Bf3
d6 16. Rad1 Rad8 17. Re2 Rd7 18. Red2 Rfd8 19. Qe3 h6 20. Qf4 Nh7  1/2-1/2

[Event "2025 Washington State Championship - Championship"]
[Site "Lakeside Upper School, 14050 1st Avenue NE, Seattle, WA, USA"]
[Date "2025.02.17"]
[Round "9"]
[Board "5"]
[White "Whale, Nicholas"]
[Black "Liu, Austin"]
[Result "0-1"]
[WhiteElo "1955"]
[BlackElo "2139"]
[PlyCount "64"]
[EventDate "2025.02.08"]
[EventRounds "9"]
[EventCountry "USA"]

1. Nf3 c5 2. c4 Nc6 3. Nc3 g6 4. g3 Bg7 5. Bg2 d6 6. O-O Bf5 7. d3 Qd7 8. Nd5 Nf6
9. Nh4 Bg4 10. f3 Be6 11. Nf4 d5 12. Nxe6 Qxe6 13. cxd5 Nxd5 14. e4 Bd4+ 15. Kh1
Ne3 16. Bxe3 Bxe3 17. f4 Bd4 18. Nf3 O-O 19. Ng5 Qc8 20. e5 h6 21. Bh3 Qc7 22. Ne4
Bxb2 23. Rb1 Bd4 24. Qc1 b6 25. f5 Kg7 26. f6+ Kh7 27. Ng5+ hxg5 28. Qxg5 Bxe5 29.
Rf4 Bxf4 30. gxf4 exf6 31. Qxf6 Nd4 32. f5 Qc6+  0-1

[Event "2025 Washington State Championship - Premier"]
[Site "Lakeside Upper School, 14050 1st Avenue NE, Seattle, WA, USA"]
[Date "2025.02.08"]
[Round "1"]
[Board "1"]
[White "Sprumont, Oscar"]
[Black "Kona, Vidip"]
[Result "1/2-1/2"]
[WhiteElo "1959"]
[BlackElo "2157"]
[PlyCount "0"]
[EventDate "2025.02.08"]
[EventRounds "9"]
[EventCountry "USA"]

1. e4 c6 2. d4 d5 3. exd5 cxd5 4. Bd3 Nc6 5. c3 Nf6 6. h3 g6 7. Nf3 Bf5 8. O-O Bg7
9. Re1 O-O 10. Bf1 a6 11. Bf4 b5 12. a4 Qb6 13. Qb3 Na5 14. Qb4 Nc6 15. Qb3 b4 16.
Nbd2 Rfe8 17. g4 Bd7 18. Ne5 Nxe5 19. dxe5 Ne4 20. Nxe4 dxe4 21. Rxe4 a5 22. Rd1
Bc6 23. Red4 g5 24. Bg3 e6 25. cxb4 Bf8 26. b5 Bd5 27. Bc4 Bb7 28. Qd3 Rac8 29. Ba2
Bg7 30. Rd7 Rc7 31. Rxc7 Qxc7 32. Qd2 Ba8 33. Rc1 Qb7 34. Kf1 Qh1+ 1/2-1/2

[Event "2025 Washington State Championship - Premier"]
[Site "Lakeside Upper School, 14050 1st Avenue NE, Seattle, WA, USA"]
[Date "2025.02.08"]
[Round "1"]
[Board "2"]
[White "Vijayakumar, Advaith"]
[Black "Larson, Gerald"]
[Result "1-0"]
[WhiteElo "2204"]
[BlackElo "1966"]
[PlyCount "0"]
[EventDate "2025.02.08"]
[EventRounds "9"]
[EventCountry "USA"]

1. d4 Nf6 2. c4 g6 3. Nc3 d5 4. cxd5 Nxd5 5. Bd2 Nb6 6. e3 Bg7 7. f4 O-O 8. Nf3 Nc6
9. Be2 Be6 10. O-O f6 11. Ne4 Bf7 12. Qc2 Kh8 13. Nc5 Qc8 14. Rac1 Nd8 15. e4 c6
16. f5 e6 17. fxg6 hxg6 18. e5 f5 19. Ng5 Bh6 20. Nge4 Bxd2 21. Qxd2 Kg7 22. Rf3
Rh8 23. Nf6 Nd5 24. Qg5 b6 25. Ncd7 Nb7 26. Nxd5 exd5 27. Qf6+ Kg8 28. e6 Qe8 29.
exf7+ Qxf7 30. Qxf7+ Kxf7 31. Ne5+ Kg7 32. Rxc6 Rac8 33. Rxg6+  1-0

[Event "2025 Washington State Championship - Premier"]
[Site "Lakeside Upper School, 14050 1st Avenue NE, Seattle, WA, USA"]
[Date "2025.02.08"]
[Round "1"]
[Board "3"]
[White "Gottumukkala, Ananth"]
[Black "Gavrish, Leonid"]
[Result "1-0"]
[WhiteElo "2025"]
[BlackElo "1919"]
[PlyCount "0"]
[EventDate "2025.02.08"]
[EventRounds "9"]
[EventCountry "USA"]

1. e4 Nf6 2. e5 Nd5 3. d4 d6 4. Nf3 Bg4 5. Be2 e6 6. O-O Be7 7. h3 Bh5 8. c4 Nb6
9. Nc3 O-O 10. Be3 d5 11. c5 Bxf3 12. gxf3 Nc8 13. f4 g6 14. Bd3 Kh8 15. Kh2 Bh4
16. Qg4 h5 17. Qf3 Ne7 18. b4 a6 19. Rg1 Nbc6 20. a3 Qd7 21. f5 Nxf5 22. Bxf5 exf5
23. Rad1 Rad8 24. Ne2 f4 25. Qxf4 Qe7 26. Qh6+ Kg8 27. Nf4  1-0